000 00451nam a2200157Ia 4500
008 100122s9999 xx 000 0 und d
082 _b73864
_a294.5
100 _aबेलसरे के वि
245 _aचैतन्यसुधा
250 _a1
260 _bत्रिदल प्रकाशन
_c2004
300 _a239
630 _aचैतन्यसुधा
730 _aचैतन्यसुधा
942 _cBOOK
999 _c389861
_d389858